| 000 | 00623nam a22001937a 4500 | ||
|---|---|---|---|
| 005 | 20250328111409.0 | ||
| 010 | _aENG-144322 | ||
| 020 |
_a9788195201235 _c285.00 |
||
| 035 | _aEN-127854 | ||
| 037 | _bDBAD | ||
| 082 |
_a230.32 _21 |
||
| 100 |
_aChattopadhyay, Utpal _979994 |
||
| 245 |
_aThe Wonder That is Hinduism/ _bUtpal Chattopadhyay |
||
| 260 |
_aKolkata _bBlossom Books _cAugust 2021 |
||
| 270 |
_a9, Bir Ananta Ram Mondal Lane, Sinthee _bKolkata _e700050 _mblossombooks17@gmai.com _k9836821125 _k9804135725 |
||
| 300 |
_a234p. _c22 cm.(Pb) |
||
| 700 | _976691 | ||
| 942 |
_2ddc _cEN _h230.32 _mCHA |
||
| 999 |
_c210562 _d210562 |
||